000 00323nam a2200121Ia 4500
008 191201s1998 xx 000 0 und d
100 _aTELI, Mangesh D
245 0 _aManagement of Textile Industry in Changing
260 _aN.Delhi
_bThe Textile Association
_c1998
300 _a49
650 _aB.Tech(TE)
942 _2ddc
_cBK
999 _c3432
_d3432